00309nam a2200133Ia 4500008004100000020001500041041001200056082001600068100001800084245004300102260000900145300000900154650001200163221030s9999 xx 000 0 und d a8170140382 aEnglish a105.23bSat aSatya Prakash 0aMathematical Physicscby Satya Prakash c2000 a1180 aPhysics